000 00541nam a22001577a 4500
003 OSt
005 20151105153503.0
008 151105b xxu||||| |||| 00| 0 eng d
040 _cRUA
082 _aFOR PEN 2000 B126 Or.1
100 _93413
_aPHENG, SOKHADALUX.
245 _aTree planting project in phnom penh municipality, គំរោងការរៀបចំដាំដើមឈើនៅក្នុងរាជធានីភ្នំពេញ
260 _aPhnom Penh
_bRUA
_c2000
300 _a60p.
_bill.
_c29cm.
942 _2ddc
_cFOR
999 _c3183
_d3183